La entrevista en las organizaciones
Saved in:
| Main Authors: | , |
|---|---|
| Format: | Bog |
| Sprog: | spansk |
| Udgivet: |
Ciudad de México
Manual Moderno
1993
|
| Udgivelse: | 1a. ed |
| Fag: | |
| Tags: |
Tilføj Tag
Ingen Tags, Vær først til at tagge denne postø!
|
MARC
| LEADER | 00000cam a2200000 a 4500 | ||
|---|---|---|---|
| 001 | UCD6868 | ||
| 003 | CL-VaPUC | ||
| 008 | 170226e19930000mx |||||||||||||||||spa|d | ||
| 020 | |a 9684266219 | ||
| 082 | 0 | 4 | |a 658.3112 |b GRA |2 21 |
| 100 | 0 | |a Grados Espinosa, Jaime A |e author |9 590719 | |
| 700 | 0 | |a Sánchez Fernández, Elda |e author |9 590720 | |
| 245 | 1 | 3 | |a La entrevista en las organizaciones |
| 250 | |a 1a. ed | ||
| 300 | |a 191 p | ||
| 942 | |c BK | ||
| 945 | |d 20170226 00:48:00 |a arojas | ||
| 260 | |a Ciudad de México |b Manual Moderno |c 1993 | ||
| 650 | 7 | |a ENTREVISTAS PSICOLOGICAS |2 CL-VaPUC |9 353364 | |
| 650 | 0 | |a Selección de personal |9 307100 | |
| 650 | 7 | |a EVALUACION PSICOLOGICA |2 CL-VaPUC |9 375317 | |
| 583 | |a last modification |c 20170226 00:48:00 |k Rodrigo Vera | ||
| 999 | |c 367045 |d 367043 | ||
| 952 | |0 0 |1 0 |3 erb |4 0 |6 658_311200000000000_GRA_1993 |7 0 |8 A |9 481727 |a BIBENE |b BIBENE |i 5327369 |o 658.3112 GRA 1993 |p 5327369 |r 2025-01-15 |w 2019-11-24 |y BK |z Catalogado en:20170226 |k ICO | ||